Top 15 Stadi di Calcio Europei per Capienza - Statistics

Statistiche generali
  • Questo quiz è stato fatto 308 volte
  • Il punteggio medio è 6 su 15
Statistiche sulle risposte
Hint Risposta % Corretto
🇪🇸 Capienza: 99540 Camp Nou
90%
🇮🇹 Capienza: 70634 Olimpico
77%
🇬🇧 Capienza: 90000 Wembley
73%
🇩🇪 Capienza: 75021 Allianz Arena
69%
🇪🇸 Capienza: 81044 Santiago Bernabéu
65%
🇬🇧 Capienza: 75881 Old Trafford
64%
🇮🇹 Capienza: 78275 Giuseppe Meazza
61%
🇩🇪 Capienza: 81365 Signal Iduna Park
29%
🇫🇷 Capienza: 81338 Stade de France
24%
🇩🇪 Capienza: 74475 Olympiastadion
19%
🇹🇷 Capienza: 75145 Atatürk
10%
🇷🇺 Capienza: 78011 Lužniki
6%
🇮🇪 Capienza: 82300 Croke Park
3%
🇬🇧 Capienza: 74500 Millennium
3%
🇬🇧 Capienza: 82000 Twickenham
2%
Nessun quiz corrispondente trovato
Distribuzione punteggi
Percentuale di utenti per punteggio
Percentile per numero di risposta
I tuoi punteggi nel tempo
Non hai fatto questo quiz